| 000 | 00743nam2a2200205 4500 | ||
|---|---|---|---|
| 001 | RU\NLR\BIBL_A\012477246 | ||
| 005 | 20250624044122.0 | ||
| 035 | _a(NLR Aleph) 012477246 | ||
| 090 |
_a12110866 _c12110866 |
||
| 100 | _a20210317d2021 |||y0rusy50 ca | ||
| 101 | 0 | _arus | |
| 102 | _aRU | ||
| 200 | 1 | _aНЛО и пришельцы | |
| 210 |
_d2021 _aБ. м. |
||
| 461 | 0 |
_1001RU\NLR\Per\1064197 _12001#$aНевыдуманные истории. Золотая серия$v2021, № 1 (25) _910108831 _cСанкт-Петербург _d2014 - _nПресс-Курьер _tНевыдуманные истории. Золотая серия _v2021, № 1 (25) |
|
| 852 |
_aNLR _jП34/2236 |
||
| 942 | _cISSUE | ||
| 980 | _aNB | ||
| 980 | _aRUSPER | ||